| 000 | 00643nam a22002057a 4500 | ||
|---|---|---|---|
| 001 | 200447930 | ||
| 005 | 20240520133930.0 | ||
| 008 | 220307u20uuuuuutu a|||| |||| 00| 0 tur d | ||
| 040 |
_aTR-AnTOB _beng _cTR-AnTOB _erda |
||
| 041 | _atur | ||
| 050 | _aHC493.C37 | ||
| 090 | _aHC493.C37 | ||
| 099 | _aSA 07.03.2022 | ||
| 110 | 2 |
_aÇarşamba Ticaret ve Sanayi Odası _9135971 |
|
| 245 | 0 | 0 |
_aEkonomik rapor / _cÇarşamba Ticaret ve Sanayi Odası. |
| 264 | 1 |
_a[Çarşamba] : _bÇarşamba Ticaret ve Sanayi Odası, _c2007- |
|
| 300 |
_avolumes ; _ccm |
||
| 651 | 7 |
_aÇarşamba İlçesi (Türkiye) _xEkonomik durum _974716 |
|
| 942 |
_2lcc _cBK |
||
| 999 |
_c200447930 _d66142 |
||